Indian states that Tropic of Cancer passes - Statistics

General Stats
  • This quiz has been taken 11 times
  • The average score is 6 of 7
Answer Stats
Capital States Closest city to Tropic of Cancer % Correct
Raipur Chhattisgarh Ambikapur
100%
Gandhinagar Gujarat Ahmedabad
100%
Bhopal Madhya Pradesh Vidisha
100%
Kolkata West Bengal Durgapur
100%
Aizawl Mizoram Champai
91%
Ranchi Jharkhand Ranchi
73%
Agartala Tripura Udaipur,Tripura
73%
No matching quizzes found
Score Distribution
Percent of People with Each Score
Percentile by Number Answered
Your Score History
You have not taken this quiz